000 00250nam a22001097a 4500
082 _a639.95 VAN,C
100 _aVANDIVERT, W
_959530
245 _aCOMMON WILD ANIMALS AND THEIR YOUNG
260 _aNEWYORK
_bDELL
_c1957
300 _a126P
942 _cBK
999 _c569486
_d569486